[Event "2019 WA Closed Championship"]
[Site "Leeming, Perth WA"]
[Date "2019.05.26"]
[Round "1"]
[White "Kurniawan, Stephanus"]
[Black "Elkington, Derek"]
[Result "0-1"]
[WhiteElo "2462"]
[BlackElo "2016"]
[EventDate "2019.05.26"]

1.d4 Nf6 2.c4 g6 3.Nc3 Bg7 4.e4 d6 5.f3 O-O 6.Be3 c5 7.d5 Re8 8.Qd2 Na6 9.
g4 e6 10.g5 Nd7 11.dxe6 Rxe6 12.Bh3 Ne5 13.Qe2 Qa5 14.Kf1 Qb4 15.a3 Qb3 
16.Nd5 Nxc4 17.Bxe6 fxe6 18.Nc3 Nxb2 19.Nd1 Nc4 20.Rc1 Nxa3 21.Nh3 Bd7 22.
Kg2 Bb5 23.Qf2 Nb4 24.Nf4 Nac2 25.Qd2 Be5 26.Nh3 Bc6 27.Rf1 Bb5 28.Rf2 
Nxe3+ 29.Nxe3 Nd3 30.Ng4 Nxf2 31.Nhxf2 Bd4 32.Nf6+ Kg7 33.Qf4 Qb2 34.Ng4 
Rf8 0-1

[Event "2019 WA Closed Championship"]
[Site "Leeming, Perth WA"]
[Date "2019.05.26"]
[Round "1"]
[White "Gong, Patrick"]
[Black "Hardegen, Kathryn"]
[Result "0-1"]
[WhiteElo "2410"]
[BlackElo "2005"]
[EventDate "2019.05.26"]

1.e4 e5 2.Nf3 Nf6 3.Nc3 Bb4 4.a3 Bxc3 5.dxc3 d6 6.Bd3 h6 7.h3 Nc6 8.c4 Be6
9.Qe2 O-O 10.g4 g5 11.Be3 Nd7 12.O-O-O Kg7 13.h4 f6 14.c3 Qe7 15.Nd2 Rh8 
16.Nf1 Qf7 17.Ng3 Na5 18.Nf5+ Kg6 19.f4 gxf4 20.Bxf4 Bxc4 21.h5+ Kh7 22.
Bxc4 Qxc4 23.Qxc4 Nxc4 24.Bxh6 Rhg8 25.Rdg1 Nc5 26.Kc2 Nxe4 27.Bc1 Nf2 28.
Rh2 Rxg4 29.Rxg4 Nxg4 30.Rg2 Rg8 31.Kb3 Na5+ 32.Ka4 Nc6 33.b4 Nh6 34.Rxg8 
Nxg8 35.Be3 a6 36.Ng3 Nge7 37.Ne4 Ng8 38.c4 Nb8 39.b5 axb5+ 40.cxb5 b6 41.
Kb3 d5 42.Ng3 Ne7 43.Bd2 c5 44.a4 f5 45.Bg5 f4 46.Ne2 Nf5 47.Nxf4 exf4 48.
Bxf4 Nd4+ 49.Kb2 Nd7 50.Be3 Nf5 51.Bf4 Ng7 52.Kb3 Nxh5 53.Bc7 Nhf6 54.a5 
bxa5 55.Bxa5 Ne4 56.Bc7 c4+ 57.Kb4 Nec5 58.Kc3 Na4+ 59.Kd4 Nab6 60.Bd6 Kg6
61.Bb4 Kf6 62.Ba3 Ke6 63.Bb4 Na4 64.Ba5 c3 0-1

[Event "2019 WA Closed Championship"]
[Site "Leeming, Perth WA"]
[Date "2019.05.26"]
[Round "1"]
[White "Boyd, Tristan"]
[Black "Hare, Tim"]
[Result "1/2-1/2"]
[WhiteElo "2400"]
[BlackElo "2130"]
[EventDate "2019.05.26"]

1.e4 d6 2.d4 Nf6 3.Nc3 Nbd7 4.Be3 e5 5.f3 Be7 6.Nge2 c6 7.Qd2 Qc7 8.g4 a6 
9.Ng3 exd4 10.Bxd4 Ne5 11.Be2 h6 12.f4 c5 13.Bg1 Nc6 14.O-O-O Be6 15.Nd5 
Bxd5 16.exd5 Na7 17.Nf5 O-O-O 18.Nxg7 Nd7 19.Nh5 Kb8 20.Bf2 b5 21.h4 Nb6 
22.g5 Qb7 23.a3 Rc8 24.Ng3 hxg5 25.fxg5 c4 26.Qd4 Nd7 27.Qxa7+ Qxa7 28.
Bxa7+ Kxa7 29.Bg4 Rc7 30.Bxd7 Rxd7 31.Nf5 Bd8 32.Rde1 Kb6 33.Re4 Bxg5+ 34.
Kb1 Bf6 1/2-1/2

[Event "2019 WA Closed Championship"]
[Site "Leeming, Perth WA"]
[Date "2019.05.28"]
[Round "1"]
[White "Ferozkohi, Ihsan"]
[Black "Rodriguez Talavera, Juan"]
[Result "1-0"]
[WhiteElo "2288"]
[BlackElo "2171"]
[EventDate "2019.05.26"]

1.d4 d5 2.c4 e6 3.Nf3 Nf6 4.Nc3 c6 5.e3 Nbd7 6.Bd3 dxc4 7.Bxc4 b5 8.Bd3 
Bb7 9.O-O Bd6 10.e4 e5 11.d5 b4 12.dxc6 Bxc6 13.Bb5 Qc7 14.Nd5 Nxd5 15.
Bxc6 Qxc6 16.exd5 Qb7 17.Nh4 O-O 18.Nf5 Bc5 19.Bh6 g6 20.Bxf8 Rxf8 21.Ne3 
Bd4 22.Nc2 Bc5 23.Qf3 f5 24.Qb3 Bd6 25.a3 a5 26.axb4 axb4 27.Rfc1 Rb8 28.
Ne3 Nc5 29.Qd1 Ne4 30.Rc6 Bc5 31.Rc1 Qa7 32.d6 Bxe3 33.Rc8+ 1-0

[Event "2019 WA Closed Championship"]
[Site "Leeming, Perth WA"]
[Date "2019.06.02"]
[Round "2"]
[White "Elkington, Derek"]
[Black "Gong, Patrick"]
[Result "0-1"]
[WhiteElo "2016"]
[BlackElo "2410"]
[EventDate "2019.05.26"]

1.e4 c6 2.Nf3 d5 3.Nc3 Bg4 4.Be2 e6 5.h3 Bxf3 6.Bxf3 Nd7 7.exd5 cxd5 8.Qe2
Be7 9.d4 Ngf6 10.O-O O-O 11.Be3 Rc8 12.g4 a6 13.a3 Nb6 14.Rae1 Nc4 15.Nd1 
Bd6 16.g5 Ne8 17.c3 Bb8 18.Bg4 Qc7 19.f3 g6 20.Bc1 Ng7 21.Ne3 b5 22.Nxc4 
bxc4 23.f4 Rce8 24.h4 f6 25.Rf3 Kf7 26.Rh3 Rh8 27.h5 fxg5 28.fxg5 Nf5 29.
Rf1 Qe7 30.Rhf3 Rhf8 31.Re1 Kg8 32.Ref1 Rf7 33.Qf2 Ref8 34.Kg2 e5 35.hxg6 
hxg6 36.Bxf5 Rxf5 37.Qh4 Rxf3 38.Rxf3 Rxf3 39.Kxf3 Qf7+ 40.Kg2 Qf5 41.Be3 
e4 42.Qh3 Bd6 43.Kg1 Qxh3 0-1

[Event "2019 WA Closed Championship"]
[Site "Leeming, Perth WA"]
[Date "2019.06.02"]
[Round "2"]
[White "Ferozkohi, Ihsan"]
[Black "Kurniawan, Stephanus"]
[Result "1/2-1/2"]
[WhiteElo "2288"]
[BlackElo "2462"]
[EventDate "2019.05.26"]

1.d4 Nf6 2.Nf3 g6 3.g3 Bg7 4.Bg2 O-O 5.O-O d6 6.c4 Nbd7 7.Nc3 e5 8.dxe5 
dxe5 9.Qc2 Re8 10.Rd1 h6 11.Nd2 a5 12.Nb5 Bf8 13.Ne4 Ra6 14.Bf3 Nxe4 15.
Bxe4 f5 16.Bg2 Rf6 17.Be3 c6 18.Na7 Qc7 19.Nxc8 Rxc8 20.Rd3 Nc5 21.Bxc5 
Bxc5 22.Qd2 g5 23.Rd1 Rcf8 24.Rd7 Qb6 25.e3 R8f7 26.Qc2 Kg7 27.Qc3 Re6 28.
Rxf7+ Kxf7 29.Rd7+ Be7 30.c5 Qa7 31.Qc4 Kf6 32.g4 Qxc5 33.Qxc5 Bxc5 34.
Rxb7 f4 35.Rh7 fxe3 36.fxe3 Bxe3+ 37.Kf1 c5 38.Be4 Bd4 39.b3 Re8 40.Rxh6+ 
Ke7 41.Ke2 Rf8 42.Bf5 a4 43.h4 axb3 44.axb3 gxh4 45.Rxh4 Rb8 46.Bc2 Ra8 
47.g5 1/2-1/2

[Event "2019 WA Closed Championship"]
[Site "Leeming, Perth WA"]
[Date "2019.06.04"]
[Round "2"]
[White "Rodriguez Talavera, Juan"]
[Black "Hare, Tim"]
[Result "0-1"]
[WhiteElo "2171"]
[BlackElo "2130"]
[EventDate "2019.05.26"]

1.e4 d6 2.d4 Nf6 3.Nc3 Nbd7 4.Nf3 e5 5.Be2 Be7 6.b3 c6 7.Bb2 Qc7 8.dxe5 
dxe5 9.O-O h6 10.Re1 O-O 11.Bf1 b5 12.a3 a5 13.Nd2 Rd8 14.Qe2 Nf8 15.a4 b4
16.Ncb1 Ne6 17.h3 Ba6 18.Nc4 Nd4 19.Qd3 Nh5 20.Bxd4 Rxd4 21.Qf3 Nf4 22.g3 
Bxc4 23.Bxc4 Nxh3+ 24.Kg2 Ng5 25.Qf5 Qd7 26.Qxd7 Rxd7 27.f3 Rad8 28.Bd3 
Bc5 29.Nd2 Bd4 30.Rad1 Bc3 31.Re3 Bxd2 32.Rxd2 Ne6 33.Kf2 g5 34.Ke2 h5 35.
Kd1 Kg7 36.Rh2 Kg6 37.Kc1 Nc5 38.Be2 Rh8 39.Bc4 h4 40.gxh4 Rxh4 41.Ree2 
Rxh2 42.Rxh2 Rd6 43.c3 Nd3+ 44.Bxd3 Rxd3 45.cxb4 Rxb3 46.bxa5 Rxf3 47.Rc2 
g4 48.a6 Rd3 49.a7 Rd8 50.Rxc6+ Kg5 51.Rb6 Ra8 52.Kd2 Rxa7 0-1

[Event "2019 WA Closed Championship"]
[Site "Metro CC, Perth WA"]
[Date "2019.06.06"]
[Round "2"]
[White "Hardegen, Kathryn"]
[Black "Boyd, Tristan"]
[Result "0-1"]
[WhiteElo "2005"]
[BlackElo "2400"]
[EventDate "2019.05.26"]

1.e4 c5 2.Nf3 d6 3.d4 cxd4 4.Nxd4 Nf6 5.Nc3 a6 6.f4 e5 7.Nf3 Nbd7 8.Bd3 b5
9.a3 Be7 10.O-O O-O 11.Kh1 Bb7 12.Be3 Rc8 13.Qe2 Re8 14.Rad1 Bf8 15.fxe5 
dxe5 16.Nh4 g6 17.Qe1 Bg7 18.Nf3 Qc7 19.Qh4 Nf8 20.Bh6 Bh8 21.Ng5 Ne6 22.
Rf3 Nf4 23.Rdf1 Qb6 24.g3 Nxd3 25.cxd3 Rc7 26.Nh3 Nh5 27.g4 Nf4 28.Nxf4 
exf4 29.Bxf4 Rd7 30.Bg5 Re6 31.Qg3 Be5 32.Bf4 Bg7 33.Be3 Qd8 34.Bc5 Be5 
35.Qf2 f6 36.Rd1 Bxc3 37.bxc3 Bxe4 38.d4 Qe8 39.Kg1 Bxf3 40.Qxf3 Re3 41.
Qf2 Qe4 42.Qg2 Re1+ 43.Rxe1 Qxe1+ 44.Qf1 Qxf1+ 45.Kxf1 Kf7 46.Ke2 Ke6 47.
Kd3 Kd5 48.Bf8 Rf7 49.Bh6 f5 50.gxf5 gxf5 51.Bf4 Re7 0-1

[Event "2019 WA Closed Championship"]
[Site "Leeming, Perth WA"]
[Date "2019.06.09"]
[Round "3"]
[White "Boyd, Tristan"]
[Black "Elkington, Derek"]
[Result "1-0"]
[WhiteElo "2400"]
[BlackElo "2016"]
[EventDate "2019.05.26"]

1.e4 c5 2.Nf3 d6 3.d4 cxd4 4.Nxd4 Nf6 5.Nc3 a6 6.h3 e6 7.g4 Qc7 8.g5 Nfd7 
9.Be3 Nc6 10.Rg1 Be7 11.Qe2 Rb8 12.O-O-O b5 13.a3 Nce5 14.Nb3 Bb7 15.Bd4 
O-O 16.Rg3 Nc4 17.Qe1 e5 18.Be3 Rfc8 19.Bxc4 bxc4 20.Nd2 Nb6 21.Nf1 Bc6 
22.f3 Qb7 23.Kd2 Na4 24.Nb1 Qxb2 25.Rc1 d5 26.exd5 Bxd5 27.Ke2 c3 28.Rg4 
Rc4 29.Ba7 Rb7 30.Ne3 Rxg4 31.Nxd5 Bxg5 32.Qd1 Qxc1 33.Ne7+ Bxe7 34.Qxc1 
Rh4 35.Bf2 Rxh3 36.Qe1 Rc7 37.Qd1 Rh2 38.Qg1 Rh6 39.Qg4 Nb2 40.Qe4 Rc8 41.
Qb7 Rhc6 42.Qxe7 Nc4 43.Nxc3 Nxa3 44.Nd5 Rxc2+ 45.Kf1 Nb1 46.Qxe5 Nd2+ 47.
Kg2 Kh8 48.Ne7 Nc4 49.Qe4 Nd6 50.Qd3 1-0

[Event "2019 WA Closed Championship"]
[Site "Leeming, Perth WA"]
[Date "2019.06.09"]
[Round "3"]
[White "Kurniawan, Stephanus"]
[Black "Rodriguez Talavera, Juan"]
[Result "0-1"]
[WhiteElo "2462"]
[BlackElo "2171"]
[EventDate "2019.05.26"]

1.e4 e5 2.Nf3 Nc6 3.Bb5 a6 4.Ba4 Nf6 5.O-O Be7 6.Re1 b5 7.Bb3 d6 8.c3 O-O 
9.h3 Bb7 10.d4 Re8 11.Nbd2 Bf8 12.d5 Nb8 13.Nf1 g6 14.Bg5 h6 15.Bh4 Nbd7 
16.Qd2 Bg7 17.Rad1 a5 18.N1h2 g5 19.Bg3 Nf8 20.a4 Qd7 21.Ra1 Reb8 22.Bc2 
Ba6 23.Nf1 bxa4 24.Bxa4 Bb5 25.Qc2 Bxa4 26.Rxa4 Qb5 27.b4 axb4 28.Rxb4 Qa5
29.Rc4 N8d7 30.Ne3 Nc5 31.Nf5 Bf8 32.Qe2 Qa2 33.Qxa2 Rxa2 34.Rxc5 dxc5 35.
Nxe5 Rba8 36.Kh2 Ra1 37.Re3 Rb1 38.Nc6 Ne8 39.h4 Nf6 40.f3 Raa1 41.Bxc7 
Rh1+ 42.Kg3 Nh5+ 43.Kg4 Nf6+ 44.Kg3 Nh5+ 45.Kf2 Rhf1+ 46.Ke2 Nf4+ 47.Bxf4 
gxf4 48.Rd3 Rfe1+ 49.Kd2 Rg1 50.Rd4 cxd4 51.Ncxd4 Bc5 52.Nb3 Be3+ 53.Nxe3 
fxe3+ 54.Kxe3 Ra3 55.Nd4 Rxc3+ 56.Kf2 Rd1 57.Nf5 Rd2+ 58.Kg3 h5 59.Nh6+ 
Kf8 60.Nf5 f6 0-1

[Event "2019 WA Closed Championship"]
[Site "Leeming, Perth WA"]
[Date "2019.06.09"]
[Round "3"]
[White "Gong, Patrick"]
[Black "Ferozkohi, Ihsan"]
[Result "1/2-1/2"]
[WhiteElo "2410"]
[BlackElo "2288"]
[EventDate "2019.05.26"]

1.e4 d5 2.exd5 Qxd5 3.Nc3 Qd8 4.d4 Nf6 5.Be3 Bf5 6.Bd3 Bxd3 7.Qxd3 c6 8.h3
e6 9.Nf3 Be7 10.Ne2 Nbd7 11.O-O O-O 12.c4 c5 13.Rfd1 cxd4 14.Nfxd4 Ne5 15.
Qb3 Qc8 16.Bf4 Ng6 17.Bh2 Bc5 18.Nc3 e5 19.Nc2 Qf5 20.Ne3 Bxe3 21.fxe3 Qg5
22.Re1 Nh4 23.Re2 Nf3+ 24.Kh1 Nxh2 25.Kxh2 b6 26.Qc2 e4 27.Rd1 Rad8 28.
Red2 Rxd2 29.Qxd2 h5 30.Qf2 Rc8 31.Rd4 Qe5+ 32.Qg3 Qe6 33.b3 Rc5 34.Rd6 
Qe7 35.Rxf6 Qxf6 36.Nxe4 Qe5 37.Nxc5 Qxc5 38.Qb8+ Kh7 39.Qf4 f6 40.Qd4 
Qc7+ 41.Kg1 Qe7 42.Kf2 Qa3 43.Qe4+ g6 44.Kf3 Qxa2 45.Qe7+ Kh6 46.Qxf6 Qxb3
47.Qh8+ Kg5 48.h4+ Kf5 49.Qc8+ Kf6 50.Kf4 Qd1 51.Qf8+ Ke6 52.Qe8+ Kf6 53.
Qf8+ Ke6 54.Qe8+ Kf6 55.Qf8+ 1/2-1/2

[Event "2019 WA Closed Championship"]
[Site "Leeming, Perth WA"]
[Date "2019.06.09"]
[Round "3"]
[White "Hare, Tim"]
[Black "Hardegen, Kathryn"]
[Result "1-0"]
[WhiteElo "2130"]
[BlackElo "2005"]
[EventDate "2019.05.26"]

1.c4 e5 2.Nc3 Nf6 3.g3 Nc6 4.Bg2 Bb4 5.a3 Bxc3 6.bxc3 O-O 7.Rb1 b6 8.e4 
Re8 9.Ne2 d6 10.d3 Bd7 11.h3 Na5 12.Bg5 h6 13.Be3 c6 14.O-O Qe7 15.Kh2 
Rad8 16.f4 Bc8 17.Qc2 Nh7 18.f5 Bb7 19.Qa4 Qc7 20.h4 d5 21.cxd5 cxd5 22.f6
Nxf6 23.Rxf6 gxf6 24.exd5 Qd7 25.Qxd7 Rxd7 26.c4 Kg7 27.g4 e4 28.Ng3 exd3 
29.Nh5+ Kg6 30.Bd4 Rd6 31.Bf1 Re2+ 32.Kg3 Nxc4 33.Nf4+ Kh7 34.Nxe2 dxe2 
35.Bxe2 Ne5 36.Rf1 Kg7 37.g5 hxg5 38.hxg5 Rxd5 39.gxf6+ Kg6 40.Bc3 Nd7 41.
Kh4 Rd6 42.Rg1+ Kf5 43.Bg4+ Ke4 44.Re1+ Kf4 45.Bb2 Be4 46.Rf1+ Ke3 47.Kg3 
Rd3 48.Rf2 Rd6 49.Rf1 Nc5 50.Re1+ Kd2 51.Rd1+ Kc2 52.Rxd6 Kxb2 53.a4 Bg6 
54.Kf4 Nxa4 55.Rd7 a5 56.Bf5 Bh5 57.Kg5 Be2 58.Rd2+ 1-0

[Event "2019 WA Closed Championship"]
[Site "Leeming, Perth WA"]
[Date "2019.06.16"]
[Round "4"]
[White "Kurniawan, Stephanus"]
[Black "Gong, Patrick"]
[Result "1-0"]
[WhiteElo "2462"]
[BlackElo "2410"]
[EventDate "2019.05.26"]

1.Nf3 g6 2.g3 Bg7 3.Bg2 e5 4.d3 Nc6 5.O-O f5 6.c4 Nf6 7.Nc3 O-O 8.Rb1 d6 
9.b4 h6 10.b5 Ne7 11.a4 g5 12.Bb2 Qe8 13.Qb3 Be6 14.Nd2 Qh5 15.Rfe1 Rab8 
16.Rbc1 f4 17.Nce4 fxg3 18.Nxf6+ Rxf6 19.hxg3 Qf7 20.Ne4 Rg6 21.a5 b6 22.
axb6 axb6 23.Ra1 Rf8 24.Rf1 h5 25.Ra7 Nc8 26.Rb7 h4 27.Bc1 h3 28.Bf3 g4 
29.Bh1 h2+ 30.Kxh2 Bh6 31.Bg2 Bxc1 32.Rxc1 d5 33.cxd5 Rh6+ 34.Kg1 Bf5 35.
Rcxc7 Qh5 36.Qb4 Nd6 37.Nxd6 1-0

[Event "2019 WA Closed Championship"]
[Site "Leeming, Perth WA"]
[Date "2019.06.16"]
[Round "4"]
[White "Rodriguez Talavera, Juan"]
[Black "Hardegen, Kathryn"]
[Result "0-1"]
[WhiteElo "2171"]
[BlackElo "2005"]
[EventDate "2019.05.26"]

1.Nf3 d5 2.c4 c6 3.b3 dxc4 4.bxc4 Bg4 5.Bb2 Nd7 6.d3 Ngf6 7.Nbd2 e6 8.g3 
Bc5 9.e3 Bb4 10.a3 Ba5 11.Be2 Nc5 12.Ne5 Bxe2 13.Kxe2 Bxd2 14.Kxd2 O-O 15.
Qc2 Qe7 16.Ke2 Nfd7 17.Nxd7 Nxd7 18.Rhd1 e5 19.Kf1 Rad8 20.a4 Qe6 21.Kg2 
f5 22.f4 Rfe8 23.Qf2 Nc5 24.d4 exd4 25.exd4 Nb3 26.Re1 Qxc4 27.Rxe8+ Rxe8 
28.Re1 Qd5+ 29.Kg1 Re4 30.Rxe4 Qxe4 31.h3 Na5 32.g4 fxg4 33.hxg4 Nc4 34.
Bc1 a6 35.Kh2 Kf7 36.Qa2 Qxd4 37.Qe2 g6 38.g5 b5 39.axb5 cxb5 40.Kg2 Qd5+ 
41.Kg3 a5 42.Qf2 Qd3+ 43.Kh4 Nd6 44.Bb2 Nf5+ 45.Kg4 Qd1+ 46.Kh3 Qh1+ 47.
Qh2 Qxh2+ 48.Kxh2 b4 49.Kg2 a4 50.Kf3 a3 51.Be5 b3 52.Ke4 b2 0-1

[Event "2019 WA Closed Championship"]
[Site "Leeming, Perth WA"]
[Date "2019.06.16"]
[Round "4"]
[White "Ferozkohi, Ihsan"]
[Black "Boyd, Tristan"]
[Result "0-1"]
[WhiteElo "2288"]
[BlackElo "2400"]
[EventDate "2019.05.26"]

1.c4 e6 2.Nc3 d5 3.d4 Nf6 4.Nf3 Bb4 5.Qa4+ Nc6 6.Ne5 Bd7 7.Nxc6 Bxc3+ 8.
bxc3 Bxc6 9.Qb4 dxc4 10.Qxc4 Ne4 11.Be3 Qe7 12.f3 Nd6 13.Qc5 Bb5 14.Bf4 b6
15.Qa3 O-O 16.Rb1 Qd7 17.Kf2 f6 18.Bxd6 cxd6 19.e4 Bxf1 20.Rhxf1 Rac8 21.
Rb4 Rc7 22.Rfb1 Rfc8 23.R1b3 d5 24.Ke3 dxe4 25.fxe4 f5 26.exf5 exf5 27.Rb5
Re8+ 28.Re5 Rxe5+ 29.dxe5 Rc5 30.Rb4 Rxe5+ 31.Kf4 Qd6 32.Qb3+ Kh8 33.Kg3 
Re4+ 0-1

[Event "2019 WA Closed Championship"]
[Site "Leeming, Perth WA"]
[Date "2019.06.16"]
[Round "4"]
[White "Elkington, Derek"]
[Black "Hare, Tim"]
[Result "0-1"]
[WhiteElo "2016"]
[BlackElo "2130"]
[EventDate "2019.05.26"]

1.e4 d6 2.d4 Nf6 3.Bd3 Nbd7 4.f4 e5 5.c3 Be7 6.Nf3 c6 7.Qe2 Qc7 8.a4 O-O 
9.O-O Re8 10.fxe5 dxe5 11.Kh1 Bf8 12.Bg5 c5 13.d5 a6 14.a5 h6 15.Bd2 c4 
16.Bxc4 Nc5 17.Bd3 Nb3 18.Ra2 Nxd2 19.Nbxd2 Bg4 20.Nc4 Nh5 21.Nb6 Rad8 22.
g3 Rd6 23.Qc2 Rf6 24.Kg2 Bc5 25.Nc4 Qc8 26.Ng1 Rg6 27.b4 Bxg1 28.Kxg1 Bh3 
29.Rf3 Qg4 30.Qf2 Qg5 31.Rc2 f5 32.exf5 e4 33.Bxe4 Rf6 34.Bd3 Bg4 35.Re3 
Ref8 36.Re5 Bxf5 37.Bxf5 Rxf5 38.Rxf5 Rxf5 39.Qd2 Nf4 40.Qe1 Nh3+ 41.Kh1 
Qg4 42.Ne3 Qe4+ 43.Rg2 Rf3 44.Qd1 Rxe3 0-1

[Event "2019 WA Closed Championship"]
[Site "Leeming, Perth WA"]
[Date "2019.06.23"]
[Round "5"]
[White "Hare, Tim"]
[Black "Ferozkohi, Ihsan"]
[Result "0-1"]
[WhiteElo "2130"]
[BlackElo "2288"]
[EventDate "2019.05.26"]

1.d3 d5 2.Nf3 Nf6 3.g3 g6 4.Bg2 Bg7 5.O-O O-O 6.Nbd2 b6 7.c4 c6 8.Rb1 a5 
9.a3 Na6 10.Ne5 Qd6 11.Ndf3 Nh5 12.d4 Bf5 13.Ra1 Be4 14.g4 Nf6 15.h3 Nd7 
16.cxd5 Nxe5 17.Nxe5 Bxg2 18.Kxg2 Qxd5+ 19.Nf3 Rad8 20.Qc2 Bxd4 21.e4 Qe6 
22.Nxd4 Rxd4 23.Be3 Rxe4 24.Bxb6 Rb8 25.Be3 Rxg4+ 26.Kf3 Rc4 27.Qd3 Nc5 0-1

[Event "2019 WA Closed Championship"]
[Site "Leeming, Perth WA"]
[Date "2019.06.23"]
[Round "5"]
[White "Hardegen, Kathryn"]
[Black "Elkington, Derek"]
[Result "1-0"]
[WhiteElo "2005"]
[BlackElo "2016"]
[EventDate "2019.05.26"]

1.e4 c5 2.Nf3 e6 3.d4 cxd4 4.Nxd4 Qb6 5.Nb3 Qc7 6.Nc3 a6 7.f4 d6 8.Bd3 Nf6
9.Qe2 Nc6 10.O-O b5 11.Re1 Nd7 12.Kh1 Be7 13.Bd2 O-O 14.Qg4 Nf6 15.Qg3 b4 
16.Ne2 e5 17.f5 Kh8 18.Bg5 Ng8 19.Ng1 Bxg5 20.Qxg5 Nf6 21.Nf3 a5 22.a4 Qb6
23.Nbd2 Bb7 24.Nc4 Qc5 25.Rad1 Rad8 26.b3 Rfe8 27.Ne3 Nd4 28.Nxd4 exd4 29.
Ng4 Nxg4 30.Qxg4 f6 31.Re2 Re5 32.Qh5 d5 33.Rde1 Qc3 34.h3 dxe4 35.Bxe4 
Bxe4 36.Rxe4 Qxe1+ 37.Rxe1 Rxe1+ 38.Kh2 Re5 39.Qf3 Red5 40.Qe4 Kg8 41.Qe6+
Kf8 42.Qb6 R8d6 43.Qc7 Rd7 44.Qc8+ Kf7 45.Qc6 R5d6 46.Qc5 d3 47.cxd3 Rxd3 
48.Qxa5 Rxb3 49.Qb5 Ke7 50.a5 Rb2 51.a6 Rdd2 52.Qb7+ Rd7 53.Qe4+ Kf8 54.
Qc6 Re7 55.Qc8+ Kf7 56.Qc4+ Ke8 57.Qb5+ Kd8 58.a7 Rxa7 59.Qb8+ 1-0

[Event "2019 WA Closed Championship"]
[Site "Leeming, Perth WA"]
[Date "2019.06.23"]
[Round "5"]
[White "Boyd, Tristan"]
[Black "Kurniawan, Stephanus"]
[Result "1/2-1/2"]
[WhiteElo "2400"]
[BlackElo "2462"]
[EventDate "2019.05.26"]

1.d4 c5 2.d5 Nf6 3.Nc3 g6 4.e4 d6 5.Nf3 Bg7 6.Be2 O-O 7.O-O Bg4 8.Bg5 Bxf3
9.Bxf3 Nfd7 10.Qd2 Re8 11.Be2 Na6 12.Nd1 Nc7 13.a4 a6 14.c4 Rb8 15.Nc3 Na8
16.Bh6 Bh8 17.f4 Qa5 18.Bd3 Nab6 19.Rfc1 e6 20.dxe6 Rxe6 21.b3 Bd4+ 22.Kh1
Nf6 23.f5 Ree8 24.Rab1 Bxc3 25.Qxc3 Qxc3 26.Rxc3 Nxe4 27.Bxe4 Rxe4 28.fxg6
hxg6 29.Rd3 Rbe8 30.Kg1 Nc8 31.Rb2 Ne7 32.Bd2 Nf5 33.Bc3 R8e6 34.Rbd2 Re3 
35.Kf2 Rxd3 36.Rxd3 f6 37.g4 Ne7 38.Rf3 f5 39.gxf5 Nxf5 40.Rd3 Re4 41.Rh3 
Re7 42.Bf6 Rh7 43.Rxh7 Kxh7 44.Kf3 Kg8 45.Ke4 Kf7 46.Bc3 Ke6 47.Kf4 Ne7 
48.Kg5 d5 49.cxd5+ Nxd5 50.Be1 Kf7 51.a5 Nc7 52.Kf4 Kf6 53.Bc3+ Ke6 54.Ke4
Nd5 55.Bg7 Nb4 56.Bf8 Nc6 57.Bxc5 Nxa5 58.b4 Nc6 59.Bf8 Ne5 60.Bg7 Nc6 61.
Bf8 b5 62.h3 Ne5 63.Bh6 Nf7 64.Be3 Nd6+ 65.Kf4 Nc4 66.Bc5 a5 67.bxa5 Nxa5 
68.Kg5 Kf7 69.h4 Nc6 70.h5 gxh5 71.Kxh5 Ke6 72.Kg4 Ne5+ 73.Kg3 Kd5 74.Bf8 
Kc4 75.Kf2 Nd3+ 76.Ke3 Nc5 77.Kd2 Ne6 78.Be7 Kb3 79.Kc1 Nd4 80.Kb1 Ne2 81.
Bf8 Nc3+ 82.Kc1 1/2-1/2

[Event "2019 WA Closed Championship"]
[Site "Leeming, Perth WA"]
[Date "2019.06.30"]
[Round "5"]
[White "Gong, Patrick"]
[Black "Rodriguez Talavera, Juan"]
[Result "1-0"]
[WhiteElo "2410"]
[BlackElo "2171"]
[EventDate "2019.05.26"]

1.g3 d5 2.Bg2 Nf6 3.d3 c6 4.Nf3 Nbd7 5.O-O e6 6.Re1 Qb6 7.c3 Bc5 8.d4 Bd6 
9.Nbd2 c5 10.e4 dxe4 11.Nxe4 Nxe4 12.Rxe4 cxd4 13.Nxd4 O-O 14.Be3 Qxb2 15.
Rb1 Qxa2 16.Nb5 Nc5 17.Nxd6 Nxe4 18.Bxe4 Rd8 19.Bxh7+ Kxh7 20.Qh5+ Kg8 21.
Qxf7+ Kh7 22.Rb4 1-0

[Event "2019 WA Closed Championship"]
[Site "Leeming, Perth WA"]
[Date "2019.06.25"]
[Round "6"]
[White "Ferozkohi, Ihsan"]
[Black "Hardegen, Kathryn"]
[Result "1-0"]
[WhiteElo "2288"]
[BlackElo "2005"]
[EventDate "2019.04.16"]

1.d4 d5 2.c4 c6 3.Nc3 Nf6 4.e3 a6 5.Bd3 b5 6.cxb5 cxb5 7.Nf3 Bg4 8.h3 Bd7 
9.Ne5 e6 10.O-O Be7 11.f4 b4 12.Ne2 Nc6 13.g4 Nxe5 14.fxe5 Ne4 15.Nf4 O-O 
16.Bd2 a5 17.Bxe4 dxe4 18.Qe2 Bc6 19.Rfc1 Qb6 20.a3 Bd5 21.Nxd5 exd5 22.
axb4 axb4 23.b3 h6 24.Be1 Qe6 25.Kg2 Qg6 26.Kh2 Qb6 27.Kh1 Ra3 28.Rab1 
Rfa8 29.Rb2 Ra1 30.Rxa1 Rxa1 31.Kh2 Rc1 32.Bd2 Rc6 33.Ra2 Qb7 34.Ra5 Rc2 
35.Qd1 Qc6 36.Kg3 f6 37.Be1 Rc1 38.Qe2 fxe5 39.dxe5 Qe6 40.Kg2 Qxe5 41.Qd2
Rb1 42.Rxd5 Qa1 43.Bf2 Rb2 44.Qd4 Qa2 45.Rf5 Bh4 46.Qd5+ Kh7 47.Qxe4 Bxf2 
48.Rf8+ 1-0

[Event "2019 WA Closed Championship"]
[Site "Leeming, Perth WA"]
[Date "2019.06.30"]
[Round "6"]
[White "Gong, Patrick"]
[Black "Boyd, Tristan"]
[Result "1-0"]
[WhiteElo "2410"]
[BlackElo "2400"]
[EventDate "2019.05.26"]

1.g3 e5 2.Bg2 Nc6 3.d3 d5 4.Nf3 Nf6 5.O-O Be7 6.c4 dxc4 7.dxc4 Qxd1 8.Rxd1
Be6 9.b3 O-O 10.Bb2 Rad8 11.Nc3 a6 12.Ne1 Nd7 13.Rd2 Ndb8 14.Nd5 Bd6 15.
Rad1 f6 16.Nd3 Bxd5 17.Bxd5+ Kh8 18.Bc3 a5 19.Be4 b6 20.e3 Rde8 21.g4 g6 
22.Kf1 Kg7 23.Ke2 Nd4+ 24.Kf1 Ne6 25.Ne1 Na6 26.Rxd6 cxd6 27.Rxd6 Nec5 28.
Bd5 Nc7 29.Rxb6 Nxd5 30.cxd5 Rf7 31.f3 Ra8 32.Rc6 Nd7 33.Nd3 a4 34.b4 Rd8 
35.e4 Kf8 36.Ke2 h5 37.g5 fxg5 38.Nxe5 Nxe5 39.Bxe5 Re8 40.Bd6+ Kg7 41.Ke3
g4 42.f4 h4 43.e5 h3 44.e6 Rf5 45.Be5+ Kh6 46.Ke4 g3 47.hxg3 h2 48.Rc1 Rh5
49.Rh1 Kh7 50.b5 Rc8 51.d6 1-0

[Event "2019 WA Closed Championship"]
[Site "Leeming, Perth WA"]
[Date "2019.06.30"]
[Round "6"]
[White "Kurniawan, Stephanus"]
[Black "Hare, Tim"]
[Result "1-0"]
[WhiteElo "2462"]
[BlackElo "2130"]
[EventDate "2019.05.26"]

1.e4 d6 2.d4 g6 3.Nc3 Bg7 4.Be3 a6 5.Qd2 b5 6.a3 Bb7 7.f3 Nd7 8.g4 h6 9.h4
e6 10.O-O-O Ne7 11.Nge2 Nb6 12.Ng3 Qd7 13.Be2 O-O-O 14.h5 g5 15.f4 gxf4 
16.Bxf4 Nc6 17.Be3 b4 18.Nb1 bxa3 19.Nxa3 d5 20.e5 Bf8 21.Nb1 Bb4 22.Qd3 
Na5 23.Rdf1 Nbc4 24.b3 Nxe3 25.Qxe3 Be7 26.Kb2 Bg5 27.Qf2 Rhf8 28.Nc3 f6 
29.Na4 Nc4+ 30.Ka2 Qb5 31.Ne4 fxe5 32.Qxf8 Rxf8 33.Rxf8+ Kd7 34.Nec5+ Ke7 
35.Rhf1 Bc6 36.R8f7+ Kd6 37.dxe5+ Kxe5 38.Bxc4 dxc4 39.Re1+ Kd5 40.Nc3+ 
Kxc5 41.Nxb5 cxb3+ 42.cxb3 Kxb5 43.Rxe6 Bd5 44.Re5 1-0

[Event "2019 WA Closed Championship"]
[Site "Leeming, Perth WA"]
[Date "2019.06.30"]
[Round "6"]
[White "Rodriguez Talavera, Juan"]
[Black "Elkington, Derek"]
[Result "1-0"]
[WhiteElo "2171"]
[BlackElo "2016"]
[EventDate "2019.05.26"]

1.c4 Nf6 2.Nc3 g6 3.g3 c5 4.Bg2 Bg7 5.Nf3 Nc6 6.O-O O-O 7.d4 cxd4 8.Nxd4 
a6 9.e3 Rb8 10.Qe2 e6 11.Rd1 Qc7 12.b3 Nxd4 13.exd4 b5 14.Bf4 d6 15.cxb5 
Nh5 16.Bd2 Bxd4 17.Rac1 Qa7 18.Bh6 Rd8 19.Qd2 e5 20.bxa6 Bxa6 21.Nd5 Rbc8 
22.Bh3 f5 23.g4 Qf7 24.Rxc8 Rxc8 25.Nb4 fxg4 26.Bxg4 Nf6 27.Bxc8 Ne4 28.
Bxa6 Nxd2 29.Rxd2 Bc3 30.Rxd6 Qe7 31.Bc4+ Kh8 32.Rc6 Qd7 33.Be6 1-0

[Event "2019 WA Closed Championship"]
[Site "Metro CC, Perth WA"]
[Date "2019.06.27"]
[Round "7"]
[White "Hare, Tim"]
[Black "Gong, Patrick"]
[Result "0-1"]
[WhiteElo "2130"]
[BlackElo "2410"]
[EventDate "2019.05.26"]

1.d3 g6 2.g3 Bg7 3.Bg2 c5 4.e4 Nc6 5.Ne2 e6 6.c4 Nge7 7.Nbc3 d6 8.O-O Qd7 
9.Rb1 b6 10.Be3 Nd4 11.b4 Bb7 12.Qd2 Nec6 13.b5 Nxe2+ 14.Nxe2 Nd4 15.Nxd4 
cxd4 16.Bh6 O-O 17.Bxg7 Kxg7 18.a4 a5 19.f4 f6 20.Qf2 e5 21.f5 Qf7 22.g4 
gxf5 23.gxf5 Kh8 24.Bf3 Qg7+ 25.Kh1 Qh6 26.Rg1 Rg8 27.Rxg8+ Rxg8 28.Rg1 
Rxg1+ 29.Kxg1 Bc8 30.Be2 Bd7 31.Qf3 Be8 32.Kg2 Qd2 33.Kg3 Bf7 34.h4 h5 35.
Bd1 Kg7 36.Be2 Kf8 37.Bd1 Ke7 38.Be2 Qe1+ 39.Qf2 Qa1 40.Qf1 Qxa4 41.Qd1 
Qa3 42.Kf2 Qb2 43.Kf1 Qc3 44.Kf2 Qb2 45.Kf1 Qa2 46.Bxh5 Qh2 47.Qg4 Qf4+ 
48.Qxf4 exf4 49.Bd1 Kf8 50.Kg2 Kg7 51.Kf2 Kh6 52.Bc2 Bh5 53.Ba4 Bg4 54.Bc2
Kh5 55.Ba4 Kxh4 56.Bc2 Bh5 57.Ba4 f3 58.Bc2 Kg4 59.Bd1 Kf4 60.Bc2 Be8 61.
Ba4 Bd7 62.Bc2 Bc8 63.Ba4 Bb7 64.Bc2 Ba8 65.Ba4 Bxe4 66.dxe4 Kxe4 67.Bd1 
Kd3 68.Kxf3 Kxc4 69.Ba4 Kb4 70.Bd1 a4 71.Bc2 0-1